| 000 | 01012cam a22003257a 4500 | ||
|---|---|---|---|
| 003 | CHAP | ||
| 005 | 20220329141441.0 | ||
| 008 | 971013s1987 r 00010 d | ||
| 010 | _a68350 | ||
| 011 | _a69322 | ||
| 035 | _a78798 | ||
| 040 | _cCHAP | ||
| 090 | _aFolleto 11574 | ||
| 100 | 0 | 0 |
_aLizárraga, Rolando. _967223 |
| 245 | 0 | _aCultivo de tejidos para la eliminación de patógenos | |
| 260 |
_aLima : _bCentro Internacional de la Papa, _c1987 |
||
| 300 | _a23 p. | ||
| 490 | 0 | _aGuía de investigación | |
| 590 |
_aBATCH-UPD _b10 _c20130110 _lUCH01 _h0648 |
||
| 590 |
_aBATCH-UPD _b10 _c20130110 _lUCH01 _h2333 |
||
| 590 |
_aBATCH-UPD _b10 _c20130410 _lUCH01 _h0333 |
||
| 590 |
_aBATCH-UPD _b10 _c20130914 _lUCH01 _h1115 |
||
| 590 |
_aCONVERSION _b10 _c20130109 _lUCH01 _h1338 |
||
| 650 | 1 | 4 |
_aCultivo de tejidos. _930213 |
| 650 | 1 | 4 |
_aPapa _xPropagación. _985279 |
| 830 | 0 |
_aGuía de investigación _951484 |
|
| 901 | _aBK | ||
| 942 | _cFOLL | ||
| 949 |
_aFolleto 11574 _bBC _cFOLL _d-31673 _eTS1 _i78798 _si |
||
| 999 |
_c68350 _d68350 |
||